000 01072cad a22001935a 4500
001 L156445
008 120522e2012 xxk 000 0 eng d
035 _a(Sirsi) u156445
041 0 _aeng
110 2 _aDeloitte Real Estate Group
_96030
245 0 0 _aUK REITs
_ba summary of the regime April 2012 (14 May 2012)
_h[electronic resource]
260 _aLondon
_bDeloitte
_c2012
520 _aAs at 1 April 2012 there were 24 UK REITs. Summarises the significant changes to the REIT regime announced in the 2011 Budget with draft legislation published on 29 March 2012, likely to come into effect in July 2012. The changes will make the regime much more attractive to a wider pool of property investors and providers of capital. Link to a longer treatment of the subject by Deloitte Real Estate Group.
590 _aKA
651 4 _aEngland and Wales
_y1543-
690 _aCommercial property
_96227
856 4 0 _uhttps://www.mondaq.com/x/177410/Market+Commentaries/UK+REITs+A+Summary+Of+The+Regime
_zView the article after free registration at www.mondaq.com
942 _n0
999 _c84018
_d84018